[Event "ICS rated blitz match"]
[Site "204.178.125.65"]
[Date "1999.10.15"]
[Round "?"]
[White "Hossa"]
[Black "Amateur"]
[Result "0-1"]
[WhiteElo "2371"]
[BlackElo "2522"]
[PlyCount "152"]
[EventDate "1999.??.??"]

1. d4 d5 2. Nf3 Nf6 3. c4 e6 4. Bg5 Be7 5. e3 Nbd7 6. Nc3 O-O 7. Be2 dxc4 8.
Bxc4 Nb6 9. Bd3 h6 10. Bh4 Nfd5 11. Bxe7 Qxe7 12. O-O Nxc3 13. bxc3 Nd5 14. e4
Nf4 15. Rc1 Nxd3 16. Qxd3 b6 17. Ne5 Qa3 18. Qc2 Bb7 19. Rb1 Qd6 20. Rfe1 c5
21. Nc4 Qc7 22. Rbc1 Rfd8 23. Qd3 Qd7 24. Ne5 Qa4 25. Qd1 Qxa2 26. Qh5 Rf8 27.
dxc5 bxc5 28. Nd7 Rfc8 29. Ra1 Qb2 30. Nxc5 Qb5 31. Reb1 Qxc5 32. Qxc5 Rxc5 33.
Rxb7 Rxc3 34. Kf1 a5 35. Rd1 Rac8 36. Ra7 Rc1 37. Ke1 Rxd1+ 38. Kxd1 Rc5 39.
Kd2 g6 40. Ra8+ Kg7 41. Kd3 Kf6 42. h4 Rb5 43. g3 Ke5 44. Kc4 Rb2 45. Kd3 Rb3+
46. Kc2 Ra3 47. Kb2 Rf3 48. Rxa5+ Kxe4 49. Ra4+ Kd3 50. Ra5 Ke2 51. g4 Rxf2 52.
g5 hxg5 53. hxg5 Ke3+ 54. Kc3 Rf5 55. Ra1 Rxg5 56. Kc4 e5 57. Kb5 e4+ 58. Kc6
Rg3 59. Kd6 Kf4 60. Ke7 f5 61. Kf6 e3 62. Rf1+ Ke4 63. Re1 f4 64. Rc1 e2 65.
Ra1 f3 66. Ra4+ Ke3 67. Ra1 f2 68. Ra3+ Kf4 69. Ra4+ Kf3 70. Ra6 f1=Q 71. Kg7
e1=Q 72. Ra3+ Kg2 73. Ra2+ Kg1 74. Re2 Qexe2 75. Kg8 Qe7 76. Kh8 76... Qff8# {
Hossa checkmated} 0-1

[Event "ICS rated blitz match"]
[Site "204.178.125.65"]
[Date "1999.10.03"]
[Round "?"]
[White "Hossa"]
[Black "AradoAr234Blitz"]
[Result "1/2-1/2"]
[WhiteElo "2362"]
[BlackElo "2086"]
[PlyCount "85"]
[EventDate "1999.??.??"]

1. e4 c5 2. c3 Nf6 3. e5 Nd5 4. d4 cxd4 5. cxd4 e6 6. Nf3 b6 7. Bc4 Bb7 8. O-O
Na6 9. Bg5 Be7 10. Bxd5 Bxd5 11. Bxe7 Qxe7 12. Nc3 Nc7 13. Nxd5 Nxd5 14. Nd2
O-O 15. Nc4 Rac8 16. Nd6 Rc6 17. Qa4 a5 18. Rac1 Rxd6 19. exd6 Qxd6 20. Qb5 f5
21. Rfe1 f4 22. f3 h5 23. Re2 Rf5 24. Rc8+ Kh7 25. Qc4 Nf6 26. Qd3 g6 27. Rd2
Qb4 28. a3 Qa4 29. Rc4 Qb5 30. Rc7 Qd5 31. Qa6 Kh6 32. Qxb6 h4 33. Rc5 Qa2 34.
Qxa5 Qb1+ 35. Kf2 Nd5 36. Qd8 Ne3 37. Qh8+ Kg5 38. Rxf5+ exf5 39. Qd8+ Kh5 40.
Qh8+ Kg5 41. Qd8+ Kh5 42. Qh8+ Kg5 43. Qd8+ {Game drawn by repetition} 1/2-1/2

[Event "ICS rated blitz match"]
[Site "204.178.125.65"]
[Date "1999.10.09"]
[Round "?"]
[White "Hossa"]
[Black "Atheist"]
[Result "1-0"]
[WhiteElo "2449"]
[BlackElo "2243"]
[PlyCount "109"]
[EventDate "1999.??.??"]

1. Nf3 g6 2. g3 Bg7 3. e4 c5 4. Nc3 Nc6 5. d3 d6 6. Bg2 e6 7. Bg5 Nge7 8. Qd2
h6 9. Be3 Qd7 10. O-O-O b6 11. Rhe1 Bb7 12. Bh3 Nd4 13. Ng1 b5 14. Nce2 a5 15.
c3 Ndc6 16. f3 b4 17. c4 Nd4 18. Kb1 Qa4 19. b3 Qd7 20. Nxd4 cxd4 21. Bf2 O-O
22. Ne2 Nc6 23. Qc2 Rfb8 24. f4 a4 25. bxa4 Ra5 26. Bg2 Rba8 27. Kb2 Rxa4 28.
Ra1 Qc7 29. Kc1 Qa5 30. e5 dxe5 31. fxe5 Rxa2 32. Rxa2 Qxa2 33. Qxa2 Rxa2 34.
Bxc6 Bxc6 35. Bxd4 b3 36. Bb2 Kf8 37. Nc3 Ra8 38. d4 Rd8 39. Ba3+ Kg8 40. Kb2
f6 41. exf6 Bxf6 42. Rxe6 Bxd4 43. Rxc6 Bg7 44. Kxb3 Rb8+ 45. Bb4 Bf8 46. Nd5
Kf7 47. Rf6+ Kg7 48. Rxf8 Rxf8 49. Bxf8+ Kxf8 50. c5 Ke8 51. c6 Kd8 52. Kb4 Kc8
53. Kc5 h5 54. Kd6 g5 55. Ne7+ {Atheist resigns} 1-0

[Event "ICS rated blitz match"]
[Site "204.178.125.65"]
[Date "1999.09.03"]
[Round "?"]
[White "Hossa"]
[Black "AtticusFinch"]
[Result "1-0"]
[WhiteElo "2545"]
[BlackElo "2143"]
[PlyCount "97"]
[EventDate "1999.??.??"]

1. e4 e6 2. d4 b6 3. Bd3 Bb7 4. Ne2 Nf6 5. Bg5 Be7 6. e5 Nd5 7. Bxe7 Nxe7 8.
O-O c5 9. dxc5 bxc5 10. Nd2 Nbc6 11. Ne4 O-O 12. Nxc5 Qb6 13. Nxd7 Qc7 14. Nxf8
Rxf8 15. f4 Qb6+ 16. Kh1 Nd5 17. Ng3 Ne3 18. Qh5 g6 19. Qe2 Nxf1 20. Qxf1 Nb4
21. b3 Nxd3 22. Qxd3 Rd8 23. Qe2 Qd4 24. Rf1 Qd2 25. Qf2 Qxf2 26. Rxf2 Rd1+ 27.
Nf1 Ba6 28. c4 Rc1 29. Kg1 Kf8 30. Rd2 Ke7 31. Kf2 Bb7 32. Ng3 Ra1 33. Ne2 Rh1
34. Kg3 h5 35. h4 Rb1 36. Kf2 Rh1 37. g3 Rh2+ 38. Ke3 Rh1 39. c5 Rh3 40. Rd6
Rh2 41. c6 Bc8 42. c7 Bd7 43. Rd4 Rh1 44. Ra4 Re1 45. Rxa7 Kf8 46. Ra8+ Kg7 47.
Rd8 Bb5 48. c8=Q Rxe2+ 49. Kf3 {AtticusFinch resigns} 1-0

[Event "ICS rated blitz match"]
[Site "204.178.125.65"]
[Date "1999.09.12"]
[Round "?"]
[White "Hossa"]
[Black "AtticusFinch"]
[Result "1-0"]
[WhiteElo "2428"]
[BlackElo "2069"]
[PlyCount "81"]
[EventDate "1999.??.??"]

1. e4 e6 2. d4 d5 3. e5 c5 4. c3 Nc6 5. Nf3 cxd4 6. cxd4 Qb6 7. Nc3 f6 8. exf6
Nxf6 9. Be2 Bb4 10. a3 Bxc3+ 11. bxc3 O-O 12. O-O Ne4 13. Bd3 Bd7 14. Bxe4 dxe4
15. Ng5 Rf5 16. Nxe4 Raf8 17. Be3 Qd8 18. Nd6 Qh4 19. Nxf5 Rxf5 20. Re1 Ne7 21.
Rb1 Bc6 22. c4 Rh5 23. Bf4 Nf5 24. Rxe6 g5 25. Be5 Qe4 26. Rxc6 bxc6 27. Rb8+
Kf7 28. Qxh5+ Ke6 29. Re8+ Ne7 30. Rxe7+ Kxe7 31. Qxg5+ Kd7 32. Qg7+ Ke8 33.
Qg8+ Ke7 34. h3 Qe1+ 35. Kh2 Qxf2 36. Qxh7+ Ke8 37. Qg6+ Ke7 38. Qd6+ Kf7 39.
Qxc6 a5 40. Qf3+ Qxf3 41. gxf3 {AtticusFinch resigns} 1-0

[Event "ICS rated blitz match"]
[Site "204.178.125.65"]
[Date "1999.09.05"]
[Round "?"]
[White "Hossa"]
[Black "AxlRose"]
[Result "1/2-1/2"]
[WhiteElo "2448"]
[BlackElo "2117"]
[PlyCount "99"]
[EventDate "1999.??.??"]

1. e4 e6 2. d4 d5 3. Nc3 c6 4. Bd3 Bb4 5. Nge2 Ne7 6. a3 Bxc3+ 7. Nxc3 dxe4 8.
Bxe4 Nd7 9. O-O Nf6 10. Bg5 Nxe4 11. Nxe4 O-O 12. Re1 Qc7 13. Bxe7 Qxe7 14. Qh5
Bd7 15. Ng5 h6 16. Nf3 f6 17. c3 Be8 18. Qh4 Qd7 19. Re2 Bf7 20. Rc1 Rac8 21.
b4 a5 22. Rce1 axb4 23. axb4 Qd5 24. Re4 b6 25. Qg3 c5 26. Rg4 g5 27. dxc5 bxc5
28. c4 Qf5 29. bxc5 Rxc5 30. Nd4 Qg6 31. Nb3 Rcc8 32. Qc3 e5 33. Nd2 h5 34.
Rge4 Rfd8 35. c5 Rd5 36. Nb3 Rd7 37. Qb4 Rdc7 38. Rc1 Bxb3 39. Qxb3+ Qf7 40.
Qxf7+ Kxf7 41. Rec4 Rc6 42. h3 Ke6 43. R4c3 Kd5 44. Rd1+ Ke6 45. Rdc1 Kd5 46.
Rd1+ Ke6 47. Rdc1 Kd5 48. Rd1+ Ke6 49. Rdc1 Kd5 50. Rd1+ {
Game drawn by repetition} 1/2-1/2

[Event "ICS rated blitz match"]
[Site "204.178.125.65"]
[Date "1999.09.13"]
[Round "?"]
[White "Hossa"]
[Black "Banane"]
[Result "0-1"]
[WhiteElo "2434"]
[BlackElo "2093"]
[PlyCount "146"]
[EventDate "1999.??.??"]

1. c4 c6 2. Nc3 d5 3. d3 dxc4 4. dxc4 Qxd1+ 5. Nxd1 Nf6 6. Nf3 Bf5 7. Bg5 Nbd7
8. Ne3 Bg6 9. O-O-O e6 10. Bxf6 Nxf6 11. Ne5 Bc5 12. N3g4 Nxg4 13. Nxg4 Bf5 14.
Ne3 Bxe3+ 15. fxe3 Rd8 16. Rxd8+ Kxd8 17. Rg1 g5 18. g4 Bg6 19. Bg2 Kc7 20. Rf1
c5 21. Rf6 b6 22. e4 Rd8 23. Rf1 Rd4 24. b3 Kd7 25. e3 Rd3 26. Kc2 Rd6 27. a3
Ke7 28. Bf3 a5 29. Rd1 Rxd1 30. Kxd1 Kd6 31. Ke2 Ke5 32. Kd3 f5 33. exf5 exf5
34. gxf5 Bxf5+ 35. Kc3 Bg6 36. Be2 h5 37. Bd3 Be4 38. Kd2 g4 39. Bxe4 Kxe4 40.
Ke2 h4 41. a4 g3 42. h3 g2 43. Kf2 g1=Q+ 44. Kxg1 Kxe3 45. Kg2 Ke2 46. Kg1 Kf3
47. Kf1 Kg3 48. Ke2 Kxh3 49. Kf3 Kh2 50. Ke4 h3 51. Kd5 Kg1 52. Kc6 h2 53. Kxb6
h1=Q 54. Kxc5 Qb7 55. Kd4 Qxb3 56. Kc5 Kf2 57. Kd4 Kf3 58. c5 Qb7 59. Ke5 Qc6
60. Kd4 Kf4 61. Kc4 Ke4 62. Kc3 Kd5 63. Kd3 Qxc5 64. Kd2 Qb4+ 65. Ke3 Qxa4 66.
Kf3 Qb4 67. Kg3 a4 68. Kf3 a3 69. Ke3 a2 70. Kf2 a1=Q 71. Kf3 Qaa3+ 72. Kg2
Qbb2+ 73. Kh1 73... Qaa1# {Hossa checkmated} 0-1

[Event "ICS rated blitz match"]
[Site "204.178.125.65"]
[Date "1999.09.21"]
[Round "?"]
[White "Hossa"]
[Black "Banane"]
[Result "1/2-1/2"]
[WhiteElo "2368"]
[BlackElo "2061"]
[PlyCount "297"]
[EventDate "1999.??.??"]

1. e4 Nf6 2. e5 Nd5 3. d4 d6 4. Nf3 g6 5. Bb5+ c6 6. Be2 Bg7 7. c4 Nc7 8. O-O
O-O 9. exd6 exd6 10. Re1 Bg4 11. Nc3 d5 12. cxd5 Nxd5 13. h3 Bf5 14. Bc4 Qd6
15. Bxd5 cxd5 16. Qb3 Nc6 17. Qxd5 Qxd5 18. Nxd5 Rad8 19. Ne7+ Nxe7 20. Rxe7
Bxd4 21. Nxd4 Rxd4 22. Bh6 Rb8 23. Be3 Rb4 24. g4 Be6 25. b3 a5 26. Bd2 Rb5 27.
Bh6 b6 28. Rc1 Rc5 29. Rxc5 bxc5 30. Ra7 c4 31. bxc4 Bxc4 32. Rxa5 Be6 33. Bf4
Rd8 34. Ra7 Rd7 35. Rxd7 Bxd7 36. Kh2 Kf8 37. Kg3 f6 38. Bd6+ Kf7 39. f4 Ke6
40. Bc7 Kd5 41. a3 Ke4 42. Bd8 f5 43. g5 Ba4 44. h4 Bd1 45. Bf6 Ba4 46. Be5 Bd1
47. Bd6 Ke3 48. Bc5+ Ke4 49. Bb6 Ba4 50. Bc7 Bb3 51. Kf2 Kd3 52. Be5 Ba4 53.
Bd6 Bd1 54. Kg2 Ke3 55. Kg3 Ba4 56. Be7 Bc6 57. Bd8 Ba4 58. Ba5 Ke2 59. Bb6 Be8
60. Bc5 Ba4 61. Ba7 Be8 62. Bb6 Ba4 63. Ba5 Be8 64. Bc7 Ba4 65. Bb8 Be8 66. Be5
Ba4 67. Bf6 Be8 68. Bc3 Ba4 69. Be5 Be8 70. Bd6 Ba4 71. Bc5 Be8 72. Be7 Ba4 73.
Bf8 Be8 74. Bg7 Ba4 75. Bd4 Be8 76. Bb2 Ba4 77. Bg7 Be8 78. Bf6 Ba4 79. Bb2 Ke3
80. Ba1 Ke2 81. Bc3 Be8 82. Bd4 Ba4 83. Kg2 Be8 84. Bg1 Ba4 85. Bb6 Bc6+ 86.
Kh3 Ba4 87. Bc5 Kf3 88. Bd6 Bc6 89. Be5 Bb5 90. Bb8 Bf1+ 91. Kh2 Bb5 92. Bc7
Kg4 93. h5 gxh5 94. Be5 Kf3 95. Kh3 Ba4 96. Kh4 Be8 97. Bc7 Ke4 98. Bd6 Kf3 99.
Bb8 Ke3 100. Kh3 Kf3 101. Bc7 Ke4 102. Kh4 Kf3 103. Be5 Ke4 104. Kh3 Kf3 105.
Bb8 Ke4 106. Kg3 Bc6 107. Be5 Be8 108. Bd6 Ba4 109. Be5 Be8 110. Bc7 Bc6 111.
Bb8 Ba4 112. Bd6 Ke3 113. Kh4 Be8 114. Kh3 Kf3 115. Kh2 Kg4 116. Kg1 h4 117.
Kh2 h3 118. Bb8 Bc6 119. Be5 Ba4 120. Bc7 Bc6 121. Bb8 Bd7 122. Be5 Bc6 123.
Bd6 Bb5 124. Kg1 Ba4 125. Be5 Kg3 126. Kf1 h2 127. Ke1 h1=Q+ 128. Kd2 Qe4 129.
Kc3 Kf3 130. Kb2 Bc6 131. Kc3 Qd5 132. Kb4 Ke4 133. a4 Qd4+ 134. Bxd4 Kxd4 135.
a5 Ba8 136. Kb3 Ke4 137. Kc4 Kxf4 138. a6 Kxg5 139. Kd4 f4 140. a7 Kg4 141. Kd3
Kg3 142. Kd4 f3 143. Ke3 f2 144. Ke2 Kg2 145. Ke3 f1=Q 146. Kd2 Qa1 147. Kc2
Qxa7 148. Kc3 Qb7 149. Kd4 {
Banane ran out of time and Hossa has no material to mate} 1/2-1/2

[Event "ICS rated blitz match"]
[Site "204.178.125.65"]
[Date "1999.09.15"]
[Round "?"]
[White "Hossa"]
[Black "Banane"]
[Result "1-0"]
[WhiteElo "2367"]
[BlackElo "2117"]
[PlyCount "59"]
[EventDate "1999.??.??"]

1. d4 c5 2. d5 e5 3. dxe6 fxe6 4. e4 d5 5. Bd3 c4 6. Be2 Nc6 7. exd5 exd5 8.
Nc3 Nf6 9. Bg5 Be7 10. Bxf6 Bxf6 11. Bh5+ g6 12. Bf3 d4 13. Ne4 O-O 14. Nxf6+
Qxf6 15. Ne2 Bg4 16. Bd5+ Be6 17. Bxe6+ Qxe6 18. O-O Rad8 19. Qd2 d3 20. Ng3
Rd7 21. cxd3 cxd3 22. Rfe1 Qd5 23. Ne4 Ne5 24. Rac1 Nc4 25. Qh6 d2 26. Nf6+ Kf7
27. Nxd5 dxe1=Q+ 28. Rxe1 Rxd5 29. Qxh7+ Kf6 30. Qe7+ {Banane resigns} 1-0

[Event "ICS rated blitz match"]
[Site "204.178.125.65"]
[Date "1999.10.08"]
[Round "?"]
[White "Hossa"]
[Black "Banane"]
[Result "1-0"]
[WhiteElo "2485"]
[BlackElo "2189"]
[PlyCount "147"]
[EventDate "1999.??.??"]

1. e4 Nf6 2. Nc3 d5 3. e5 Ne4 4. Nxe4 dxe4 5. d4 exd3 6. Bxd3 e6 7. Nf3 Be7 8.
O-O O-O 9. Be3 c5 10. c4 Bd7 11. Qc2 h6 12. Rad1 Qc7 13. Rd2 Bc6 14. Be4 Bxe4
15. Qxe4 Nc6 16. Qf4 Rad8 17. Qg3 Kh8 18. Rfd1 Rxd2 19. Rxd2 Rd8 20. Qf4 Rxd2
21. Bxd2 Kg8 22. Bc3 Qd7 23. Qc1 Qd3 24. Qf1 Qc2 25. Qa1 b6 26. b3 Bg5 27. Nxg5
hxg5 28. h3 Qe2 29. f3 Qe3+ 30. Kf1 Nd4 31. Qe1 Qd3+ 32. Kf2 Qc2+ 33. Qd2 f6
34. Qxc2 Nxc2 35. exf6 g6 36. Bd2 Kf7 37. Bxg5 Nb4 38. Ke3 Nxa2 39. Kd3 Nb4+
40. Kc3 Nc6 41. h4 a6 42. Kc2 b5 43. Kd3 bxc4+ 44. Kxc4 Na5+ 45. Kxc5 Nxb3+ 46.
Kb4 Nd4 47. Ka5 Ne2 48. Kxa6 Ng3 49. Kb6 Ne2 50. Kc6 Nd4+ 51. Kd7 Nf5 52. Kc7
Nd4 53. Kd6 Nf5+ 54. Ke5 Ng3 55. Kf4 Ne2+ 56. Ke4 Nc3+ 57. Kd4 Nd5 58. g4 Nb6
59. h5 gxh5 60. gxh5 Nd7 61. f4 Nf8 62. h6 Nh7 63. Ke4 Kg6 64. Ke5 Kf7 65. Bh4
Nf8 66. f5 exf5 67. Kxf5 Nh7 68. Bg5 Nf8 69. Be3 Ne6 70. h7 Ng7+ 71. Ke5 Ne6
72. h8=Q Nf8 73. Qg7+ Ke8 74. Qe7# {Banane checkmated} 1-0

[Event "ICS rated blitz match"]
[Site "204.178.125.65"]
[Date "1999.09.21"]
[Round "?"]
[White "Hossa"]
[Black "Banane"]
[Result "1-0"]
[WhiteElo "2358"]
[BlackElo "2071"]
[PlyCount "43"]
[EventDate "1999.??.??"]

1. e4 Nf6 2. e5 Nd5 3. d4 d6 4. Nf3 g6 5. Bb5+ c6 6. Be2 Bg7 7. c4 Nc7 8. O-O
O-O 9. exd6 exd6 10. Re1 d5 11. cxd5 Nxd5 12. Nc3 Bg4 13. Nxd5 cxd5 14. Be3 Nc6
15. Qb3 Bxf3 16. Bxf3 Bxd4 17. Qxb7 Na5 18. Qxd5 Bxe3 19. Rxe3 Qxd5 20. Bxd5
Rad8 21. Re5 Kg7 22. b4 {Banane resigns} 1-0

[Event "ICS rated blitz match"]
[Site "204.178.125.65"]
[Date "1999.09.12"]
[Round "?"]
[White "Hossa"]
[Black "Banane"]
[Result "1/2-1/2"]
[WhiteElo "2458"]
[BlackElo "2083"]
[PlyCount "137"]
[EventDate "1999.??.??"]

1. c4 c6 2. Nc3 d5 3. d3 dxc4 4. dxc4 Qxd1+ 5. Nxd1 Nf6 6. Nf3 Bf5 7. Bg5 Nbd7
8. Ne3 Bg6 9. O-O-O e6 10. Bxf6 Nxf6 11. Ne5 Bc5 12. N3g4 Nxg4 13. Nxg4 Bf5 14.
Ne3 Bxe3+ 15. fxe3 Rd8 16. Rxd8+ Kxd8 17. Rg1 g5 18. g4 Bg6 19. Bg2 Ke7 20. a4
Rd8 21. a5 a6 22. Bf3 e5 23. b4 Rd6 24. c5 Rd8 25. Rd1 Rxd1+ 26. Kxd1 f6 27. e4
Bf7 28. Kd2 Kd7 29. Kc3 Ba2 30. e3 Ke6 31. Be2 Kd7 32. Bc4 Bxc4 33. Kxc4 Ke6
34. Kd3 Kd7 35. Ke2 Ke7 36. Kf3 Ke6 37. Kg3 Kf7 38. h4 h6 39. h5 Ke6 40. Kf3
Kd7 41. Ke2 Kc7 42. Kd3 Kd7 43. Kc4 Ke6 44. Kd3 Kd7 45. Kc3 Kc7 46. Kb2 Kd7 47.
Kb1 Kc7 48. Kc2 Kd7 49. Kb3 Kc7 50. Kc3 Kd7 51. Kd3 Kc7 52. Ke2 Kd7 53. Kf3 Kc7
54. Kg2 Kd7 55. Kg1 Ke6 56. Kf2 Kf7 57. Ke1 Ke8 58. Kd2 Kd8 59. Kd1 Kc7 60. Ke1
Kd7 61. Kf2 Kc7 62. Kg3 Kd7 63. Kg2 Ke7 64. Kh3 Kf7 65. Kg3 Kg7 66. Kg2 Kf7 67.
Kf2 Ke7 68. Kf3 Kd7 69. Ke2 {Game drawn by mutual agreement} 1/2-1/2

[Event "ICS rated blitz match"]
[Site "204.178.125.65"]
[Date "1999.09.16"]
[Round "?"]
[White "Hossa"]
[Black "Banane"]
[Result "1-0"]
[WhiteElo "2428"]
[BlackElo "2098"]
[PlyCount "121"]
[EventDate "1999.??.??"]

1. Nf3 d5 2. d4 c6 3. Bg5 Qb6 4. b3 h6 5. Bf4 Nf6 6. e3 Bg4 7. Be2 e6 8. O-O
Be7 9. c4 Nbd7 10. h3 Bxf3 11. Bxf3 O-O 12. Nc3 Rac8 13. Qd3 Rfe8 14. e4 dxe4
15. Nxe4 Nxe4 16. Bxe4 Nf6 17. f3 Red8 18. Rad1 Nd7 19. Rfe1 Bf6 20. Be3 Qa5
21. Re2 Nc5 22. Bh7+ Kh8 23. Qc2 Nd7 24. Be4 Bg5 25. f4 Be7 26. g3 Nf6 27. Bg2
Rd7 28. Bd2 Qc7 29. Bc3 Rcd8 30. Re5 Bd6 31. Ree1 Nh5 32. Qf2 a5 33. Ba1 Bb4
34. Re5 Nf6 35. Qf3 Bd6 36. Ree1 Bb4 37. Re3 Rb8 38. f5 exf5 39. Qxf5 Re8 40.
Rxe8+ Nxe8 41. a4 Re7 42. Qf3 Nf6 43. Bb2 Qd7 44. Rf1 Bd6 45. d5 Be5 46. dxc6
bxc6 47. Bxe5 Rxe5 48. Qxc6 Qd4+ 49. Kh1 Nh5 50. Qf3 Rg5 51. g4 Nf6 52. Qa8+
Kh7 53. Qf8 Ne4 54. Rxf7 Ng3+ 55. Kh2 Qe5 56. Re7 Qc3 57. Qb8 Nf5 58. Re8 Nh4
59. Rh8+ Kg6 60. Qe8+ Kf6 61. Rf8# {Banane checkmated} 1-0

[Event "ICS rated blitz match"]
[Site "204.178.125.65"]
[Date "1999.09.21"]
[Round "?"]
[White "Hossa"]
[Black "Banane"]
[Result "1/2-1/2"]
[WhiteElo "2362"]
[BlackElo "2067"]
[PlyCount "55"]
[EventDate "1999.??.??"]

1. e4 Nf6 2. e5 Nd5 3. d4 d6 4. Nf3 g6 5. Bb5+ c6 6. Be2 Bg7 7. c4 Nc7 8. O-O
O-O 9. exd6 exd6 10. Re1 Bg4 11. Nc3 d5 12. cxd5 Nxd5 13. h3 Bf5 14. Bc4 Nb6
15. Bg5 Bf6 16. Bxf6 Qxf6 17. Be2 N8d7 18. Qd2 Rfe8 19. Qh6 Qg7 20. Qxg7+ Kxg7
21. Rac1 Nf6 22. a4 Nbd5 23. g4 Be6 24. Nxd5 Bxd5 25. Nd2 Ne4 26. Nf3 Nf6 27.
Nd2 Ne4 28. Nf3 {Game drawn by mutual agreement} 1/2-1/2

[Event "ICS rated blitz match"]
[Site "204.178.125.65"]
[Date "1999.09.26"]
[Round "?"]
[White "Hossa"]
[Black "Banane"]
[Result "1-0"]
[WhiteElo "2458"]
[BlackElo "2079"]
[PlyCount "95"]
[EventDate "1999.??.??"]

1. e4 Nf6 2. e5 Nd5 3. d4 d6 4. Nf3 g6 5. Bb5+ c6 6. Be2 Nc7 7. exd6 exd6 8.
O-O Bg7 9. Bc4 O-O 10. Bg5 Bf6 11. Bxf6 Qxf6 12. Re1 d5 13. Bd3 Bg4 14. Nbd2
Ne6 15. c3 Ng5 16. Be2 Nxf3+ 17. Bxf3 Bxf3 18. Qxf3 Kg7 19. Qe3 Nd7 20. Re2 Qd6
21. Rae1 Nf6 22. Nf3 Rae8 23. Ne5 Nd7 24. Qg3 Nxe5 25. Rxe5 Rxe5 26. Qxe5+ Qf6
27. Qc7 h5 28. Qxb7 h4 29. Qxa7 h3 30. gxh3 Qg5+ 31. Kf1 Qf5 32. Qc7 Qxh3+ 33.
Ke2 Re8+ 34. Kd2 Rxe1 35. Kxe1 Qg2 36. Qxc6 Qe4+ 37. Kd2 Qb1 38. Qb7 Qe4 39.
Qb8 f6 40. Qd6 Qf3 41. Qe7+ Kh6 42. Qe3+ Qxe3+ 43. Kxe3 Kg7 44. a4 Kf7 45. a5
Ke7 46. a6 Kd7 47. a7 Kc7 48. a8=Q {Banane resigns} 1-0

[Event "ICS rated blitz match"]
[Site "204.178.125.65"]
[Date "1999.09.12"]
[Round "?"]
[White "Hossa"]
[Black "Banane"]
[Result "1/2-1/2"]
[WhiteElo "2468"]
[BlackElo "2073"]
[PlyCount "229"]
[EventDate "1999.??.??"]

1. c4 c6 2. Nc3 d5 3. d3 dxc4 4. dxc4 Qxd1+ 5. Nxd1 Nf6 6. Nf3 Bf5 7. Bg5 Nbd7
8. Ne3 Bg6 9. O-O-O e6 10. Bxf6 Nxf6 11. Ne5 Bc5 12. N3g4 Nxg4 13. Nxg4 Bf5 14.
Ne3 Bxe3+ 15. fxe3 Rd8 16. Rxd8+ Kxd8 17. Rg1 g5 18. g4 Be4 19. Bg2 Bg6 20.
Rd1+ Kc7 21. c5 Rd8 22. Rxd8 Kxd8 23. b4 Kc7 24. e4 e5 25. a4 f6 26. a5 a6 27.
Bf3 Bf7 28. Kd2 Be6 29. Kc3 Bf7 30. e3 Be6 31. Be2 Bd7 32. h3 Be6 33. Bc4 Kd7
34. Bxe6+ Kxe6 35. Kd3 Kd7 36. Kc4 Ke6 37. Kc3 Kd7 38. Kd2 Ke6 39. Ke2 Kd7 40.
Kf2 Ke6 41. Kf3 Kf7 42. Kg3 Kg6 43. Kf2 Kf7 44. Ke1 Ke6 45. Kd1 Kd7 46. Kc1 Ke6
47. Kc2 Kd7 48. Kb2 Ke6 49. Kb3 Ke7 50. Ka4 Kd7 51. Ka3 Kc7 52. Kb3 Kd8 53. Ka2
Ke7 54. Kb1 Kd7 55. Kc2 Kc7 56. Kd2 Kc8 57. Ke1 Kd7 58. Kf1 Ke7 59. Ke1 Kf7 60.
Ke2 Kg6 61. Kd2 h5 62. Kd3 h4 63. Kc4 Kf7 64. Kc3 Ke7 65. Kd3 Ke6 66. Kd2 Kd7
67. Ke2 Ke7 68. Kf3 Ke6 69. Kf2 Kf7 70. Ke1 Kg8 71. Ke2 Kh8 72. Kd2 Kg7 73. Kc2
Kf7 74. Kb3 Ke6 75. Ka4 Kd7 76. Ka3 Kc8 77. Kb3 Kb8 78. Kc4 Ka7 79. Kd3 Kb8 80.
Kc3 Kc7 81. Kb2 Kd7 82. Kc1 Ke6 83. Kd1 Ke7 84. Ke2 Kd8 85. Ke1 Kc8 86. Kd1 Kb8
87. Kd2 Ka8 88. Kc3 Kb8 89. Kd3 Kc7 90. Kc3 Kd7 91. Kd2 Ke8 92. Kc1 Kf7 93. Kc2
Kg8 94. Kb3 Kh8 95. Ka3 Kg7 96. Kb2 Kf7 97. Kb1 Ke7 98. Ka1 Kd7 99. Kb2 Kc7
100. Kc2 Kd7 101. Kc3 Kd8 102. Kc4 Kc7 103. Kd3 Kd7 104. Kc2 Kc8 105. Kb1 Kb8
106. Kc2 Ka8 107. Kb2 Ka7 108. Kc1 Kb8 109. Kd1 Kc8 110. Kc2 Kd8 111. Kc1 Ke8
112. Kd2 Kf8 113. Kd3 Ke7 114. Kc3 Ke6 115. Kd3 {Game drawn by the 50 move rule
} 1/2-1/2

[Event "ICS rated blitz match"]
[Site "204.178.125.65"]
[Date "1999.09.11"]
[Round "?"]
[White "Hossa"]
[Black "Banane"]
[Result "1-0"]
[WhiteElo "2437"]
[BlackElo "2115"]
[PlyCount "65"]
[EventDate "1999.??.??"]

1. e4 d6 2. d4 Nf6 3. f3 e5 4. dxe5 dxe5 5. Qxd8+ Kxd8 6. Nc3 c6 7. Bc4 Ke7 8.
Bg5 Be6 9. Bxe6 Kxe6 10. O-O-O Bb4 11. Nce2 Nbd7 12. Nh3 h6 13. Be3 Bc5 14. Bd2
Rhd8 15. Rhe1 a5 16. g4 Nb6 17. g5 hxg5 18. Nxg5+ Ke7 19. f4 exf4 20. Nxf4 Nc4
21. Nd3 Bb6 22. e5 Nd5 23. e6 f6 24. Nf7 Rf8 25. Nf4 Nxd2 26. Ng6+ Ke8 27. Nd6+
Kd8 28. e7+ Nxe7 29. Rxe7 Nf3 30. Nxb7+ Kc8 31. Nxf8 Ra7 32. Rdd7 Ne5 33. Re8+
{Banane resigns} 1-0

[Event "ICS rated blitz match"]
[Site "204.178.125.65"]
[Date "1999.09.12"]
[Round "?"]
[White "Hossa"]
[Black "Banane"]
[Result "1-0"]
[WhiteElo "2462"]
[BlackElo "2079"]
[PlyCount "167"]
[EventDate "1999.??.??"]

1. c4 c6 2. Nc3 d5 3. d3 dxc4 4. dxc4 Qxd1+ 5. Nxd1 Nf6 6. Nf3 Bf5 7. Bg5 Nbd7
8. Ne3 Bg6 9. O-O-O e6 10. Bxf6 Nxf6 11. Ne5 Bc5 12. N3g4 Nxg4 13. Nxg4 Bf5 14.
Ne3 Bxe3+ 15. fxe3 Rd8 16. Rxd8+ Kxd8 17. Rg1 Ke7 18. g4 Be4 19. Bg2 Bxg2 20.
Rxg2 Rd8 21. g5 Rd7 22. Rg4 Rd8 23. Rh4 Rh8 24. c5 f6 25. g6 h6 26. Rb4 Rb8 27.
a4 Kd7 28. Rd4+ Kc7 29. a5 b6 30. Re4 e5 31. cxb6+ axb6 32. axb6+ Rxb6 33. Ra4
Kb7 34. Kc2 Rb5 35. e4 Rc5+ 36. Kd2 Rb5 37. Kc3 Rc5+ 38. Rc4 Rb5 39. h4 Ra5 40.
Kd2 Ra2 41. Rc2 Ra4 42. Ke3 Ra1 43. Rd2 Kc7 44. Kf3 Rh1 45. Kg4 Rf1 46. e3 Re1
47. Rd3 Rf1 48. h5 Kc8 49. Rd2 Kc7 50. b3 Kc8 51. Ra2 Kb7 52. b4 Rb1 53. Ra4
Re1 54. Kf3 Rh1 55. Kg4 Rg1+ 56. Kf5 Rh1 57. Ke6 Rxh5 58. Kf7 Rg5 59. Kxg7 h5
60. Kxf6 Rg2 61. g7 h4 62. Kf7 h3 63. g8=Q Rxg8 64. Kxg8 Kb6 65. Kg7 Kb5 66.
Ra1 Kxb4 67. Kf6 Kc4 68. Kxe5 Kd3 69. Rh1 c5 70. Kf4 c4 71. Rxh3 c3 72. Rh6 c2
73. Rc6 Kd2 74. Rxc2+ Kxc2 75. e5 Kd3 76. e6 Kc4 77. e7 Kd5 78. e8=Q Kd6 79.
Qc8 Ke7 80. e4 Kd6 81. Kf5 Ke7 82. Qc7+ Ke8 83. Kg6 Kf8 84. Qd8# {
Banane checkmated} 1-0

[Event "ICS rated blitz match"]
[Site "204.178.125.65"]
[Date "1999.08.29"]
[Round "?"]
[White "Hossa"]
[Black "BarkingCow"]
[Result "0-1"]
[WhiteElo "2496"]
[BlackElo "2665"]
[PlyCount "145"]
[EventDate "1999.??.??"]

1. e4 e5 2. Nf3 Nc6 3. Bc4 Bc5 4. c3 Nf6 5. d4 exd4 6. cxd4 Bb4+ 7. Nc3 Nxe4 8.
O-O Bxc3 9. d5 Bf6 10. Re1 Ne7 11. Rxe4 d6 12. Bb5+ Bd7 13. Bxd7+ Qxd7 14. Bg5
Bxg5 15. Nxg5 O-O 16. Rc1 h6 17. Nf3 Rad8 18. Qd4 c6 19. dxc6 Nxc6 20. Qd5 Rfe8
21. Rce1 Rxe4 22. Rxe4 Rc8 23. Re1 Nb4 24. Qb3 Nc2 25. Rd1 Rc5 26. Ne1 Qe6 27.
Qxe6 fxe6 28. Nd3 Rd5 29. a3 Kf7 30. Kf1 Rd4 31. Ke2 Rc4 32. Nc1 d5 33. Nb3
Re4+ 34. Kd2 Nd4 35. Nc5 Rh4 36. h3 b6 37. Nd7 Ke7 38. Ne5 Re4 39. Ng4 h5 40.
Ne3 a5 41. Kd3 Nb3 42. Kc2 a4 43. Kd3 g5 44. f3 Rd4+ 45. Kc3 Rf4 46. Kc2 Kd6
47. Rd3 b5 48. Rd1 Rd4 49. Rd3 Ke5 50. g3 h4 51. Ng4+ Kd6 52. gxh4 gxh4 53. Re3
Rd2+ 54. Kb1 Rd1+ 55. Kc2 Rh1 56. Ne5 d4 57. Re4 Rc1+ 58. Kd3 Nc5+ 59. Kd2
Nxe4+ 60. Kxc1 Kxe5 61. fxe4 Kxe4 62. Kd2 d3 63. b3 axb3 64. Kc3 Ke3 65. Kxb3
d2 66. Kc2 Ke2 67. Kc3 d1=Q 68. Kb4 Qa4+ 69. Kc5 Qxa3+ 70. Kb6 b4 71. Kb7 b3
72. Kc6 b2 73. Kc7 {Hossa resigns} 0-1